[Event "4NCL Div 1 2018-19"]
[Site "Daventry"]
[Date "2019.01.12"]
[Round "3"]
[White "Batchelor, Peter J"]
[Black "Pert, Richard G"]
[Result "1/2-1/2"]
[WhiteElo "2324"]
[BlackElo "2428"]
[Annotator "TA"]
[PlyCount "72"]
[EventDate "2019.01.12"]
[EventCountry "GBR"]
[SourceTitle "playchess.com"]
[Source "ChessBase"]
[SourceQuality "1"]

{[%evp 17,72,1,16,0,24,-7,-12,-17,-8,-30,-12,-27,18,20,43,12,40,37,56,29,39,43,49,26,28,0,7,0,21,12,33,-70,0,0,0,0,93,-148,-155,-151,-164,-216,-142,-147,-148,-156,-156,-168,-21,-43,-14,-25,-22,-16,0,0,0]} 1. d4 d5 2. c4 e6 3. Nf3 Nf6 4. g3 Bb4+ 5. Bd2 Be7 6. Bg2 O-O 7. O-O Nbd7 8. Qc2 {E11: Bogo-Indian} (8. Nc3 c6 9. Bf4 dxc4 10. e4 Re8 11. a4 b6 12. d5 exd5 13. exd5 Bb7 14. a5 bxa5 15. d6 Bf8 16. Nd2 Nd5 17. Nxd5 cxd5 18. Nxc4 dxc4 19. Bxb7 {½-½ (42) Nakamura,H (2777)-Karjakin,S (2773) Saint Louis 2018}) 8... Ne4 9. b3 c6 {LiveBook: 18 Games} 10. Bc3 b5 11. Nbd2 (11. c5 {keeps more tension.} a5 12. Bb2 f5 13. a3 Bf6 14. Nbd2) 11... Nxc3 12. Qxc3 a5 $146 ({Predecessor:} 12... Bb7 13. Rac1 Rc8 14. Rfd1 dxc4 15. bxc4 b4 16. Qc2 c5 17. dxc5 Nxc5 {½-½ (31) Iagar,R (2161)-Plazuelo Pascual,J (2223) Madrid 2016}) 13. e4 Ba6 14. Rfd1 Rc8 15. c5 b4 16. Qc2 Qc7 17. Re1 Bb5 18. h4 h6 19. e5 Ra8 20. Bh3 a4 21. Nh2 Kh8 22. f4 axb3 (22... Ra5 {feels hotter.} 23. Bf1 Bxf1 24. Rxf1 Rfa8 25. Kg2 Qc8) 23. Nxb3 Bc4 (23... Ra3 {looks sharper.} 24. Bf1 Bxf1 25. Nxf1 f6 26. Kg2 Rfa8) 24. f5 {[#]} (24. Bf1 $14) 24... Bxb3 ({Better is} 24... Nxe5 $1 $15 {[%mdl 512]} 25. dxe5 (25. Rxe5 Bxb3 26. Qxb3 Bxc5 $17) 25... Bxb3 26. Qxb3 Bxc5+ 27. Kh1 Bd4) 25. axb3 $11 {aiming for Rxa8.} Rxa1 26. Rxa1 Nxe5 (26... Nxc5 $11 27. Bg2 Nd7) 27. dxe5 $2 (27. fxe6 $16 {and life is bright.} fxe6 28. Kg2) 27... Qxe5 $17 {[%mdl 64] Double Attack} 28. Rf1 Qxg3+ {[%mdl 64] [#] Double Attack} 29. Bg2 (29. Qg2 $142 Qxb3 30. Kh1) 29... Qxh4 30. fxe6 fxe6 31. Rxf8+ Bxf8 32. Nf3 Qg3 ({Black should play} 32... Qf4 $19 {Strongly threatening ...e5.} 33. Qf2 Be7) 33. Kh1 $11 Qf4 34. Qe2 Bxc5 35. Qxe6 Qc1+ 36. Kh2 Qf4+ {Accuracy: White = 34%, Black = 27%.} 1/2-1/2

[Event "4NCL Div 1 2018-19"]
[Site "Daventry"]
[Date "2019.01.12"]
[Round "3"]
[White "Reimanis, Ritvars"]
[Black "Guichard, Pauline"]
[Result "1-0"]
[WhiteElo "2316"]
[BlackElo "2382"]
[Annotator "NA"]
[PlyCount "83"]
[EventDate "2019.01.12"]
[EventCountry "GBR"]
[SourceTitle "playchess.com"]
[Source "ChessBase"]
[SourceQuality "1"]
[TimeControl "40"]

1. c4 {[%emt 0:00:00]} Nf6 {[%emt 0:00:00]} 2. Nc3 {[%emt 0:00:00]} g6 {[%emt 0:00:00]} 3. g3 {[%emt 0:00:00]} Bg7 {[%emt 0:00:00]} 4. Bg2 {[%emt 0:00:00]} O-O {[%emt 0:00:00]} 5. d3 {[%emt 0:00:00]} d6 {[%emt 0:00:00]} 6. Rb1 {[%emt 0:00:00]} c6 {[%emt 0:00:00]} 7. e4 {[%emt 0:00:00]} a6 {[%emt 0:00:00]} 8. Nge2 {[%emt 0:00:00]} b5 {[%emt 0:00:00]} 9. b4 {[%emt 0:00:00]} e5 {[%emt 0:00:00]} 10. a4 {[%emt 0:00:00]} Qe8 {[%emt 0:00:00]} 11. O-O {[%emt 0:00:00]} Be6 {[%emt 0:00:00]} 12. f4 {[%emt 0:00:00]} bxc4 {[%emt 0:00:00]} 13. f5 {[%emt 0:00:00]} gxf5 {[%emt 0:00:00]} 14. exf5 {[%emt 0:00:00]} cxd3 {[%emt 0:00:00]} 15. Qxd3 {[%emt 0:00:00]} Bd5 {[%emt 0:00:00]} 16. Nxd5 {[%emt 0:00:00]} cxd5 {[%emt 0:00:00]} 17. g4 {[%emt 0:00:00]} h6 {[%emt 0:00:00]} 18. Qh3 {[%emt 0:00:00]} Qe7 {[%emt 0:00:00]} 19. Kh1 {[%emt 0:00:00]} Rc8 {[%emt 0:00:00]} 20. g5 {[%emt 0:00:00]} hxg5 {[%emt 0:00:00]} 21. Bxg5 {[%emt 0:00:00]} Qb7 {[%emt 0:00:00]} 22. Bxf6 {[%emt 0:00:00]} Bxf6 {[%emt 0:00:00]} 23. Qh6 {[%emt 0:00:00]} Bg7 {[%emt 0:00:00]} 24. Qd2 {[%emt 0:00:00]} Qe7 {[%emt 0:00:00]} 25. f6 {[%emt 0:00:00]} Bxf6 {[%emt 0:00:00]} 26. Bxd5 {[%emt 0:00:00]} Nd7 {[%emt 0:00:00]} 27. Qh6 {[%emt 0:00:00]} Bg7 {[%emt 0:00:00]} 28. Rxf7 {[%emt 0:00:00]} Qxf7 {[%emt 0:00:00]} 29. Bxf7+ {[%emt 0:00:00]} Kxf7 {[%emt 0:00:00]} 30. Qxd6 {[%emt 0:00:00]} Nf6 {[%emt 0:00:00]} 31. Ng3 {[%emt 0:00:00]} Rc2 {[%emt 0:00:00]} 32. Qd3 {[%emt 0:00:00]} Rac8 {[%emt 0:00:00]} 33. Rf1 {[%emt 0:00:00]} Kg8 {[%emt 0:00:00]} 34. Qxa6 {[%emt 0:00:00]} R8c6 {[%emt 0:00:00]} 35. Qa8+ {[%emt 0:00:00]} Rc8 {[%emt 0:00:00]} 36. Qb7 {[%emt 0:00:00]} R8c7 {[%emt 0:00:00]} 37. Qa8+ {[%emt 0:00:00]} Rc8 {[%emt 0:00:00]} 38. Qf3 {[%emt 0:00:00]} Rb2 {[%emt 0:00:00]} 39. Nf5 {[%emt 0:00:00]} Rcc2 {[%emt 0:00:00]} 40. Nxg7 {[%emt 0:00:00]} Rxh2+ {[%emt 0:00:00]} 41. Kg1 {[%emt 0:00:00]} Rh6 {[%emt 0:00:00]} 42. Nf5 {[%emt 0:00:00]} 1-0

[Event "4NCL Div 1 2018-19"]
[Site "Daventry"]
[Date "2019.01.12"]
[Round "3"]
[White "Webb, Laurence E"]
[Black "De Verdier, Michael"]
[Result "1-0"]
[WhiteElo "2311"]
[BlackElo "2277"]
[Annotator "NA"]
[PlyCount "83"]
[EventDate "2019.01.12"]
[EventCountry "GBR"]
[SourceTitle "playchess.com"]
[Source "ChessBase"]
[SourceQuality "1"]
[TimeControl "40"]

1. d4 {[%emt 0:00:00]} d5 {[%emt 0:00:27]} 2. c4 {[%emt 0:00:00]} e6 {[%emt 0:00:00]} 3. Nc3 {[%emt 0:00:00]} a6 {[%emt 0:00:00]} 4. cxd5 {[%emt 0:00:00]} exd5 {[%emt 0:00:00]} 5. Nf3 {[%emt 0:00:00]} Nf6 {[%emt 0:00:00]} 6. Bg5 {[%emt 0:00:00]} Be6 {[%emt 0:00:00]} 7. e3 {[%emt 0:00:00]} Nbd7 {[%emt 0:00:00]} 8. Bd3 {[%emt 0:00:00]} Bd6 {[%emt 0:00:00]} 9. O-O {[%emt 0:00:00]} c6 {[%emt 0:00:00]} 10. h3 {[%emt 0:00:00]} Qc7 {[%emt 0:00:00]} 11. Qd2 {[%emt 0:00:00]} O-O {[%emt 0:00:00]} 12. Bf4 {[%emt 0:00:00]} h6 {[%emt 0:00:00]} 13. a3 {[%emt 0:00:00]} Rfe8 {[%emt 0:00:00]} 14. Bxd6 {[%emt 0:00:00]} Qxd6 {[%emt 0:00:00]} 15. b4 {[%emt 0:00:00]} b5 {[%emt 0:00:00]} 16. Rfc1 {[%emt 0:00:00]} Nb6 {[%emt 0:00:00]} 17. Ne2 {[%emt 0:00:00]} Nc4 {[%emt 0:00:00]} 18. Qc3 {[%emt 0:00:00]} Ne4 {[%emt 0:00:00]} 19. Bxe4 {[%emt 0:00:00]} dxe4 {[%emt 0:00:00]} 20. Ne5 {[%emt 0:00:00]} a5 {[%emt 0:00:00]} 21. Nf4 {[%emt 0:00:00]} axb4 {[%emt 0:00:00]} 22. axb4 {[%emt 0:00:00]} Bd5 {[%emt 0:00:00]} 23. Nxc4 {[%emt 0:00:00]} Bxc4 {[%emt 0:00:00]} 24. Qb2 {[%emt 0:00:00]} Kh7 {[%emt 0:00:00]} 25. Ra3 {[%emt 0:00:00]} Rxa3 {[%emt 0:00:00]} 26. Qxa3 {[%emt 0:00:00]} Kg8 {[%emt 0:00:00]} 27. Ra1 {[%emt 0:00:00]} Qe7 {[%emt 0:00:00]} 28. Qa7 {[%emt 0:00:00]} Qxb4 {[%emt 0:00:00]} 29. Qd7 {[%emt 0:00:00]} Rb8 {[%emt 0:00:00]} 30. Qxc6 {[%emt 0:00:00]} Qc3 {[%emt 0:00:00]} 31. Ra8 {[%emt 0:00:00]} Qe1+ {[%emt 0:00:00]} 32. Kh2 {[%emt 0:00:00]} Rxa8 {[%emt 0:00:00]} 33. Qxa8+ {[%emt 0:00:00]} Kh7 {[%emt 0:00:00]} 34. Qxe4+ {[%emt 0:00:00]} Kg8 {[%emt 0:00:00]} 35. d5 {[%emt 0:00:00]} Qd2 {[%emt 0:00:00]} 36. Qe5 {[%emt 0:00:00]} g6 {[%emt 0:00:00]} 37. d6 {[%emt 0:00:00]} b4 {[%emt 0:00:00]} 38. Qe8+ {[%emt 0:00:00]} Kh7 {[%emt 0:00:00]} 39. d7 {[%emt 0:00:00]} b3 {[%emt 0:00:00]} 40. d8=Q {[%emt 0:00:00]} Qxd8 {[%emt 0:00:00]} 41. Qxd8 {[%emt 0:00:00]} b2 {[%emt 0:00:00]} 42. Qb6 {[%emt 0:00:00]} 1-0

[Event "4NCL Div 1 2018-19"]
[Site "Daventry"]
[Date "2019.01.12"]
[Round "3"]
[White "Olson, Hamish"]
[Black "Tan, Justin"]
[Result "0-1"]
[WhiteElo "2282"]
[BlackElo "2502"]
[Annotator "TA"]
[PlyCount "70"]
[EventDate "2019.01.12"]
[EventCountry "GBR"]
[SourceTitle "playchess.com"]
[Source "ChessBase"]
[SourceQuality "1"]

{[%evp 10,70,32,0,0,6,0,0,14,5,12,6,18,25,28,22,36,34,35,11,64,0,0,0,0,6,21,21,8,20,43,40,59,35,27,34,28,-29,-17,-42,0,0,0,0,2,9,2,-70,-68,-186,-184,-405,-411,-397,-389,-788,-706,-661,-693,-672,-677,-668,-636]} 1. d4 g6 2. e4 Bg7 3. c3 d6 4. Nf3 Nf6 5. Nbd2 O-O 6. a4 {LiveBook: 10 Games. B07: Pirc Defence: Miscellaneous Systems} (6. Be2 Nc6 7. O-O e5 8. dxe5 Nxe5 9. Nxe5 dxe5 10. Qc2 Qe7 11. Nc4 Rd8 12. b4 Be6 13. a4 Nh5 14. g3 Nf6 15. f3 Ne8 16. Be3 Nd6 17. Nb2 h5 18. c4 {1-0 (51) Rozum,I (2573)-Paravyan,D (2629) Sochi 2018}) 6... c5 7. dxc5 dxc5 8. Be2 {The position is equal.} Nc6 9. O-O Be6 $146 ({Predecessor:} 9... Qc7 10. Qc2 Nh5 11. Nb3 b6 12. a5 Rb8 13. axb6 axb6 14. Re1 Bg4 15. h3 Bxf3 16. Bxf3 Nf4 17. Be2 Nxe2+ {½-½ (17) Taimanov,M (2425)-Poluljahov,A (2510) Koszalin 1997}) 10. Re1 h6 11. Qc2 Na5 12. Ne5 Ne8 13. Nec4 Nd6 {[%cal Ra5c4]} 14. Rd1 Rc8 ({Black should play} 14... Qc7 $11 15. Nxa5 Qxa5) 15. b3 (15. f4 $14) 15... Qc7 16. Nxa5 Qxa5 17. Bb2 c4 18. b4 Qe5 19. Re1 g5 20. h3 Rfd8 21. Bf1 g4 22. hxg4 Bxg4 23. g3 (23. Be2 $142 Bd7 24. a5) 23... h5 $11 24. Be2 Bh6 25. Bxg4 hxg4 26. Nf1 $1 Ne8 27. Rad1 Nf6 28. Rd4 (28. Nh2 $11) 28... Qh5 $15 29. Red1 (29. Bc1 $15) 29... Rxd4 $19 30. Rxd4 $2 (30. cxd4 Nh7 31. Nh2) 30... e5 31. Rd6 {[#]} Kg7 $1 {[%cal Bg8g7,Bg7f6,Bf6e7][%mdl 32] aiming for ...Rh8.} 32. Rxf6 $2 (32. Qd1 Nxe4 33. Rxh6 Kxh6 34. Qd7) 32... Kxf6 {Black is clearly winning.} 33. Qe2 Rh8 {( -> ...Bg5)} 34. Nh2 {[#]} Bc1 $1 {[%mdl 512]} 35. Nxg4+ (35. Bxc1 Qxh2+) 35... Ke7 {Precision: White = 51%, Black = 63%.} 0-1

[Event "4NCL Div 1 2018-19"]
[Site "Daventry"]
[Date "2019.01.12"]
[Round "3"]
[White "Cooper, John G"]
[Black "Alsina Leal, Daniel"]
[Result "0-1"]
[WhiteElo "2274"]
[BlackElo "2470"]
[Annotator "TA"]
[PlyCount "80"]
[EventDate "2019.01.12"]
[EventCountry "GBR"]
[SourceTitle "playchess.com"]
[Source "ChessBase"]
[SourceQuality "1"]

{[%evp 9,80,10,9,9,6,6,8,8,8,10,6,6,15,6,26,10,16,-25,-15,-20,-8,-8,-9,-3,0,0,0,0,69,65,64,72,167,93,88,42,44,42,74,0,0,0,0,0,10,4,109,20,22,21,16,14,17,14,18,22,42,44,53,41,50,0,17,-151,-151,-108,-16,-11,0,-422,-391,-758,-834]} 1. c4 e5 2. Nc3 Bb4 3. e4 Bxc3 (3... Nf6 4. Bd3 O-O 5. Nge2 Bc5 6. O-O a6 7. Bc2 Nc6 8. h3 b5 9. d3 bxc4 10. dxc4 h6 11. Rb1 Rb8 {1-0 (31) Jobava,B (2699)-Zvjaginsev,V (2658) Sochi 2015}) 4. dxc3 d6 5. Bd3 Ne7 $146 ({Predecessor:} 5... Nc6 6. Nf3 Nge7 7. O-O O-O 8. h3 Ng6 9. b4 h6 10. Be3 Qf6 11. Re1 {½-½ (41) De Rijk,J (2148)-Kokorin,V (2254) ICCF email 2011}) 6. Ne2 {A21: English Opening: 1...e5 2 Nc3} O-O 7. Ng3 Nd7 8. Bc2 {The position is equal.} a5 9. O-O Nc5 10. Be3 Be6 11. Qe2 Qc8 12. h3 b6 13. f4 exf4 14. Bxf4 Ng6 15. e5 dxe5 16. Bxe5 Bxc4 17. Qxc4 {Strongly threatening Bd4.} Nxe5 18. Qd4 $36 {[%mdl 2048] White is more active.} Ng6 (18... Qe6 $11) 19. Nf5 $1 $14 {[%csl Gf5][%cal Rd4g7][%mdl 1024] White has compensation.} Ne6 20. Qe4 Qe8 {[#]} (20... Re8 $16) 21. Rae1 (21. h4 $1 $18) 21... Qb5 $16 {[#]} 22. Ne7+ $1 {[%mdl 512]} Kh8 {[#] White must now prevent ...Qc5+.} (22... Nxe7 23. Qxh7#) 23. Rxf7 $1 {[%mdl 512]} Rxf7 24. Qxa8+ (24. Nxg6+ $16 hxg6 25. Qxa8+ Rf8 26. Qe4 {[%mdl 64] Double Attack} Qc5+ 27. Kh2 Qd6+ 28. Qe5 Qxe5+ 29. Rxe5) 24... Ngf8 $1 $11 25. Kh2 Qd7 26. Nf5 g6 27. Ng3 c6 {[#]} (27... Qd6 $11) 28. Bb3 (28. Rxe6 $1 $16 Qxe6 29. Bb3 {[%mdl 64] Skewer}) 28... Kg7 29. Qb8 {Hoping for Bxe6.} Qc7 $1 {[%cal Rc7b8]} 30. Qxc7 Rxc7 31. Rxe6 Nxe6 32. Bxe6 Re7 33. Bg4 Re1 $1 34. Bf3 c5 35. Ne4 Ra1 36. Nd6 $2 (36. a3 $11) 36... Rxa2 $17 37. b3 Rb2 ({Black should try} 37... Rc2 $17 38. Bd5 Rxc3) 38. Bd5 $11 Rd2 39. c4 $2 {[%mdl 8192]} (39. Ne8+ $1 $11 Kf8 40. Nc7) 39... Rd3 40. Bc6 $2 (40. Ne8+ Kf8 41. Nc7) 40... Rxd6 {Accuracy: White = 46%, Black = 56%.} 0-1

[Event "4NCL Div 1 2018-19"]
[Site "Daventry"]
[Date "2019.01.12"]
[Round "3"]
[White "Golding, Alex"]
[Black "Kolbus, Dietmar"]
[Result "1/2-1/2"]
[WhiteElo "2263"]
[BlackElo "2305"]
[Annotator "NA"]
[PlyCount "46"]
[EventDate "2019.01.12"]
[EventCountry "GBR"]
[SourceTitle "playchess.com"]
[Source "ChessBase"]
[SourceQuality "1"]
[TimeControl "40"]

1. e4 {[%emt 0:00:00]} d5 2. exd5 {[%emt 0:00:00]} Qxd5 {[%emt 0:00:00]} 3. Nc3 {[%emt 0:00:00]} Qd6 {[%emt 0:00:00]} 4. d4 {[%emt 0:00:00]} Nf6 {[%emt 0:00:00]} 5. Bc4 {[%emt 0:00:00]} c6 {[%emt 0:00:00]} 6. Nge2 {[%emt 0:00:00]} Be6 {[%emt 0:00:00]} 7. Bd3 {[%emt 0:00:00]} Qd7 {[%emt 0:00:00]} 8. Nf4 {[%emt 0:00:00]} Bf5 {[%emt 0:00:00]} 9. Bc4 {[%emt 0:00:00]} e6 {[%emt 0:00:00]} 10. Nce2 {[%emt 0:00:00]} Nd5 {[%emt 0:00:00]} 11. O-O {[%emt 0:00:00]} Bd6 {[%emt 0:00:00]} 12. Nh5 {[%emt 0:00:00]} O-O 13. Neg3 {[%emt 0:00:00]} Bxg3 {[%emt 0:00:00]} 14. Nxg3 {[%emt 0:00:00]} Bg6 {[%emt 0:00:00]} 15. Re1 {[%emt 0:00:00]} Qd8 {[%emt 0:00:00]} 16. c3 {[%emt 0:00:00]} Nd7 {[%emt 0:00:00]} 17. Qf3 {[%emt 0:00:00]} Qh4 {[%emt 0:00:00]} 18. Bd2 {[%emt 0:00:00]} a5 {[%emt 0:00:00]} 19. a4 {[%emt 0:00:00]} Rfe8 {[%emt 0:00:00]} 20. Bd3 {[%emt 0:00:00]} Bxd3 {[%emt 0:00:00]} 21. Qxd3 {[%emt 0:00:00]} N5f6 {[%emt 0:00:00]} 22. h3 {[%emt 0:00:00]} Rec8 {[%emt 0:00:00]} 23. Be3 {[%emt 0:00:00]} Nd5 {[%emt 0:00:00]} 1/2-1/2

[Event "4NCL Div 1 2018-19"]
[Site "Daventry"]
[Date "2019.01.12"]
[Round "3"]
[White "Berry, Neil"]
[Black "Houska, Jovanka"]
[Result "1/2-1/2"]
[WhiteElo "2258"]
[BlackElo "2423"]
[Annotator "TA"]
[PlyCount "130"]
[EventDate "2019.01.12"]
[EventCountry "GBR"]
[SourceTitle "playchess.com"]
[Source "ChessBase"]
[SourceQuality "1"]

{[%evp 22,130,18,-26,30,-30,68,60,135,100,106,91,99,91,103,81,81,81,83,77,133,77,64,76,77,41,46,41,53,56,62,48,89,78,122,119,127,122,122,122,130,129,171,171,157,161,271,266,271,262,269,271,271,241,265,266,252,231,228,228,316,294,292,292,323,294,294,279,294,294,294,230,230,230,230,230,230,198,233,131,182,189,188,167,152,122,131,99,84,74,79,0,80,0,0,0,0,0,0,0,0,0,0,0,0,0,0,0,0,0,0]} 1. d4 d5 2. c4 e6 3. Nf3 Nf6 4. g3 Bb4+ 5. Bd2 Be7 6. Bg2 O-O 7. O-O Nbd7 8. Qc2 c6 9. Bf4 Ne4 10. Nc3 g5 {E08: Closed Catalan: Main Line: 7 Qc2} 11. Be3 Nd6 12. cxd5 {LiveBook: 5 Games} cxd5 (12... exd5 $142 13. Qc1 h6) 13. Rad1 $146 ({White should try} 13. Qc1) ({Predecessor:} 13. Qc1 h6 14. h4 Nf5 15. hxg5 Nxe3 16. Qxe3 hxg5 17. Bh3 Kg7 18. Kg2 {1-0 (32) Li,C (2751)-Fressinet,L (2700) Huaian 2016}) 13... Bf6 (13... b5 $1 $11) 14. Bc1 h6 (14... g4 $14) 15. e4 dxe4 16. Nxe4 Nxe4 17. Qxe4 Bg7 18. h4 {[%cal Rh4g5]} Nf6 19. Qe2 gxh4 20. Nxh4 Bd7 ({Better is} 20... Qa5) 21. Rfe1 (21. Bxb7 $142 Rb8 22. Ba6) 21... Qa5 22. Bxb7 Rab8 23. Qa6 (23. Ba6 {keeps more tension.} Bb5 24. Bxb5 Qxb5 25. Nf3 Rfc8 26. Bf4) 23... Qxa6 24. Bxa6 Nd5 25. Bc4 Bc6 26. Nf3 Rfc8 27. Ne5 Ba4 28. b3 {Black must now prevent Bxd5.} Bb5 29. Bxd5 $1 exd5 30. Bf4 Rb7 31. Rc1 Rbc7 32. Rxc7 Rxc7 33. a4 Ba6 {[#]} (33... Bd7 $142 34. Nxf7 Rb7) 34. Nd3 $1 $18 {[%cal Rd3b4][%mdl 512]} Rc6 (34... Bxd3 35. Bxc7) 35. Nb4 Rb6 36. Nxa6 ({Weaker is} 36. Nxd5 Rxb3 37. Ne7+ Kh7 $16) 36... Rxa6 {[%mdl 4096] Endgame KRB-KRB} 37. Re8+ Kh7 38. Be5 Rb6 {[#]} 39. Rd8 $1 Rxb3 40. Rxd5 Kg6 41. Rd6+ f6 42. Ra6 h5 43. Bf4 Rb7 44. d5 Rd7 45. Kg2 Rxd5 46. Rxa7 Bh6 47. Bc7 Bf8 48. Bb6 Bb4 49. Be3 Bd2 50. Re7 (50. Bxd2 $18 Rxd2 51. a5) 50... Bc3 (50... Bxe3 $16 51. Rxe3 Ra5) 51. Re4 Ba5 52. Rc4 Rd3 53. Kf3 Ra3 54. Ke4 Ra2 55. Kd5 Be1 56. Kc6 (56. Rf4 $16) 56... f5 (56... Bxf2 $11 {remains equal.} 57. Bxf2 Rxf2) 57. Kb5 ({White should play} 57. Rf4 $16) 57... Rb2+ $11 {The position is equal.} 58. Ka6 {Threatens to win with a5.} Bxf2 59. Rc6+ Kg7 60. Bxf2 (60. Bf4 {seems wilder.} Rb3 61. Be5+ Kh7 62. Rc8 Rb6+ 63. Ka5) 60... Rxf2 {KR-KR} 61. a5 f4 62. gxf4 h4 63. Kb7 h3 64. Rc3 {And now Rg3+ would win.} h2 65. Rh3 Rb2+ {Accuracy: White = 64%, Black = 46%.} 1/2-1/2

[Event "4NCL Div 1 2018-19"]
[Site "Daventry"]
[Date "2019.01.12"]
[Round "3"]
[White "Rose, Matthew"]
[Black "Jones, Gawain C B"]
[Result "0-1"]
[WhiteElo "2250"]
[BlackElo "2691"]
[Annotator "TA"]
[PlyCount "128"]
[EventDate "2019.01.12"]
[EventCountry "GBR"]
[SourceTitle "playchess.com"]
[Source "ChessBase"]
[SourceQuality "1"]

{[%evp 18,128,60,19,16,24,14,0,16,16,26,23,22,24,28,-22,-21,-14,-25,-20,-21,-11,-39,-14,-31,-37,-12,-58,-56,-58,-25,-72,-47,-54,-36,-35,0,0,0,-27,-26,-45,0,0,0,-42,0,0,0,0,0,0,0,0,0,0,0,0,0,0,0,0,30,0,0,0,0,0,0,0,0,0,0,0,0,0,0,0,0,0,36,36,60,46,147,139,140,133,117,-8,-8,-8,-8,-1560,-1507,-1566,-1527,-1545,-356,-1419,-1428,-1286,-1002,-29976,-29977,-29977,-29977,-29980,-29980,-29983,-29979,-29984,-29984]} 1. e4 e5 2. Nf3 Nc6 3. Bc4 Bc5 4. c3 Nf6 5. d3 d6 6. a4 {C54: Giuoco Piano: 4 c3 Nf6, main lines with 5 d4 and 5 d3} (6. Nbd2 a6 7. Bb3 h6 8. Nf1 d5 9. exd5 Nxd5 10. Ng3 O-O 11. O-O Re8 12. Re1 Nf6 13. h3 Be6 14. Bc2 Bd5 15. Nh4 {½-½ (43) Duda,J (2739)-Mamedyarov,S (2820) Batumi 2018}) 6... a6 7. O-O Ba7 8. Re1 Ng4 9. Re2 Qf6 10. Na3 {LiveBook: 3 Games} (10. h3 $5 {[%cal Rh3g4]} Nh6 11. Kh1 $14 (11. Bg5 Qg6 $14)) 10... Qg6 11. Nc2 O-O 12. Ne3 $146 ({Predecessor:} 12. Be3 Nxe3 13. Nxe3 Kh8 14. Kh1 Qh5 {0-1 (40) Admiraal,M (2448)-Pruijssers,R (2507) Belgium 2017}) 12... Nxe3 13. Bxe3 Bg4 {[#] Hoping for ...Bxf3.} 14. Re1 Nd8 15. Bxa7 Rxa7 16. Kf1 (16. d4 {is more complex.} exd4 17. cxd4 Ne6 18. Ra3 Ng5 19. Ne5) 16... Qh5 17. h3 Bxf3 18. Qxf3 Qxf3 19. gxf3 Ne6 20. Bxe6 fxe6 $15 {[%mdl 4096] Endgame KRR-KRR} 21. Ke2 Rf4 22. d4 exd4 $1 23. cxd4 Rh4 24. Rh1 d5 25. Ke3 Ra8 26. Rag1 Rf8 27. Rg4 $1 {[%cal Rg4h4]} Rh6 28. Rhg1 Rf7 29. R1g3 Rhf6 30. e5 Rf5 31. Rg5 Rxg5 32. Rxg5 {KR-KR} Kf8 33. f4 g6 34. h4 Kg7 35. b4 Kh6 36. f3 Kg7 37. Rg2 Kf8 38. Rg1 Rf5 39. Rc1 Rf7 40. Rg1 c6 41. Rb1 Ke8 42. Rg1 Rf5 43. b5 axb5 44. axb5 cxb5 45. Rb1 Kd7 46. Rxb5 Kc7 47. Rc5+ Kb8 48. Rb5 {Rb6 is the strong threat.} Rf7 49. Rb6 Re7 50. h5 Ka7 (50... Kc8 $14) 51. Rd6 b6 52. hxg6 hxg6 {[#]} 53. f5 (53. Rd8 $1 $16) 53... gxf5 $11 54. Kf4 $1 b5 $1 {[%cal Bb6b5,Bb5b4][%mdl 32] Strongly threatening ...b4.} 55. Kg5 $2 {[%mdl 8192]} (55. Ke3 $11) 55... b4 $19 56. Rc6 b3 57. Rc1 Rb7 $2 (57... b2 58. Rb1 Rb7) 58. Kf6 $2 (58. Ra1+ Kb8 59. Rb1) 58... Rb6 59. Rb1 b2 60. Rxb2 Rxb2 {Black mates.} 61. Kxe6 Kb7 62. Kxf5 Rd2 63. Ke6 Rxd4 64. Kd7 Rf4 {Precision: White = 54%, Black = 60%.} 0-1

[Event "4NCL Div 1 2018-19"]
[Site "Daventry"]
[Date "2019.01.12"]
[Round "3"]
[White "Townsend, M Paul"]
[Black "Jones, Steven A"]
[Result "0-1"]
[WhiteElo "2250"]
[BlackElo "2142"]
[Annotator "NA"]
[PlyCount "80"]
[EventDate "2019.01.12"]
[EventCountry "GBR"]
[SourceTitle "playchess.com"]
[Source "ChessBase"]
[SourceQuality "1"]
[TimeControl "40"]

1. Nf3 {[%emt 0:00:00]} Nf6 {[%emt 0:00:00]} 2. c4 {[%emt 0:00:00]} c6 {[%emt 0:00:00]} 3. g3 {[%emt 0:00:00]} d5 {[%emt 0:00:00]} 4. Bg2 {[%emt 0:00:00]} e6 {[%emt 0:00:00]} 5. O-O {[%emt 0:00:00]} Bd6 {[%emt 0:00:00]} 6. d4 {[%emt 0:00:00]} Nbd7 {[%emt 0:00:00]} 7. Nc3 {[%emt 0:00:00]} O-O {[%emt 0:00:00]} 8. Nd2 {[%emt 0:00:00]} Bb4 {[%emt 0:00:00]} 9. e4 {[%emt 0:00:00]} Bxc3 {[%emt 0:00:00]} 10. bxc3 {[%emt 0:00:00]} dxe4 {[%emt 0:00:00]} 11. Nxe4 {[%emt 0:00:00]} Nxe4 {[%emt 0:00:00]} 12. Bxe4 {[%emt 0:00:00]} Qa5 {[%emt 0:00:00]} 13. Qc2 {[%emt 0:00:00]} Nf6 {[%emt 0:00:00]} 14. Bg2 {[%emt 0:00:00]} e5 {[%emt 0:00:00]} 15. Bg5 {[%emt 0:00:00]} exd4 {[%emt 0:00:00]} 16. Bxf6 {[%emt 0:00:00]} d3 {[%emt 0:00:00]} 17. Qxd3 {[%emt 0:00:00]} gxf6 {[%emt 0:00:00]} 18. Rfe1 {[%emt 0:00:00]} Be6 {[%emt 0:00:00]} 19. Qd4 {[%emt 0:00:00]} Kg7 {[%emt 0:00:00]} 20. Re4 {[%emt 0:00:00]} Rfd8 {[%emt 0:00:00]} 21. Qe3 {[%emt 0:00:00]} Qb6 {[%emt 0:00:00]} 22. Qf3 {[%emt 0:00:00]} Qc5 {[%emt 0:00:00]} 23. Rae1 {[%emt 0:00:00]} Rd2 {[%emt 0:00:00]} 24. Rf4 {[%emt 0:00:00]} Rad8 {[%emt 0:00:00]} 25. Rxf6 {[%emt 0:00:00]} Qxc4 {[%emt 0:00:00]} 26. Rf4 {[%emt 0:00:00]} Qd3 {[%emt 0:00:00]} 27. Qh5 {[%emt 0:00:00]} Rd1 {[%emt 0:00:00]} 28. Qe5+ {[%emt 0:00:00]} Kg8 {[%emt 0:00:00]} 29. Rfe4 {[%emt 0:00:00]} Rd5 {[%emt 0:00:00]} 30. Qb8+ {[%emt 0:00:00]} Kg7 {[%emt 0:00:00]} 31. Bf1 {[%emt 0:00:00]} Qxe4 {[%emt 0:00:00]} 32. Rxe4 {[%emt 0:00:00]} Bh3 {[%emt 0:00:00]} 33. Rg4+ {[%emt 0:00:00]} Bxg4 {[%emt 0:00:00]} 34. Kg2 {[%emt 0:00:00]} Rxf1 {[%emt 0:00:00]} 35. h3 {[%emt 0:00:00]} Be2 {[%emt 0:00:00]} 36. Qf4 {[%emt 0:00:05]} Rfd1 {[%emt 0:00:00]} 37. g4 {[%emt 0:00:00]} Bf1+ {[%emt 0:00:00]} 38. Kg3 {[%emt 0:00:00]} R1d3+ {[%emt 0:00:00]} 39. f3 {[%emt 0:00:00]} Be2 {[%emt 0:00:00]} 40. c4 {[%emt 0:00:00]} Rxf3+ {[%emt 0:00:00]} 0-1